| 000 | 01557nam a22004097a 4500 | ||
|---|---|---|---|
| 003 | CHAP | ||
| 005 | 20220329140944.0 | ||
| 008 | 971013s1995 r 00010 d | ||
| 010 | _a60402 | ||
| 011 | _a61374 | ||
| 035 | _a65538 | ||
| 040 | _cCHAP | ||
| 082 |
_a630.83 A84 1991 _bZac. |
||
| 245 |
_aAtlas agropecuario _b: Zacatecas |
||
| 260 |
_aAguascalientes, Ags. : _bINEGI, _c1995 |
||
| 300 |
_a77 p. _b; gráfs. ; mapas |
||
| 590 |
_aBATCH-UPD _b10 _c20130110 _lUCH01 _h0047 |
||
| 590 |
_aBATCH-UPD _b10 _c20130110 _lUCH01 _h0701 |
||
| 590 |
_aBATCH-UPD _b10 _c20130409 _lUCH01 _h2034 |
||
| 590 |
_aBATCH-UPD _b10 _c20130410 _lUCH01 _h0346 |
||
| 590 |
_aBATCH-UPD _b10 _c20130913 _lUCH01 _h2045 |
||
| 590 |
_aCONVERSION _b10 _c20130109 _lUCH01 _h1332 |
||
| 650 | 1 | 4 |
_aAgricultura _xEstadísticas _zZacatecas. _91473 |
| 650 | 1 | 4 |
_aCrédito agrícola _xZacatecas. _929086 |
| 650 | 1 | 4 |
_aCultivos _xZacatecas. _930339 |
| 650 | 1 | 4 |
_aEjidos _xZacatecas. _936037 |
| 650 | 1 | 4 |
_aGanadería _xEstadísticas _zZacatecas. _944732 |
| 650 | 1 | 4 |
_aMaquinaria agrícola _xZacatecas. _971208 |
| 650 | 1 | 4 |
_aProductos forestales _xEstadísticas. _992079 |
| 650 | 1 | 4 |
_aTierras _xUtilización _xZacatecas. _9113264 |
| 710 | 2 |
_aInstituto Nacional de Estadística, Geografía e Informática. México. _959304 |
|
| 790 | _aCenso agropecuario (7o.) 1991 | ||
| 901 | _aBK | ||
| 942 | _cLIBRO | ||
| 949 |
_a630.83 A84 1991 Zac. _bBC _cESP _d33724000279485 _eESP _fc.2 _h91161 _i65538 _si _t45.00 |
||
| 949 |
_a630.83 A84 1991 Zac. _bBC _cINEGI _d33724000609210 _eINEGI _gI. c/e _h90637 _i65538 _si _t45.00 |
||
| 999 |
_c60402 _d60402 |
||